000 00418nab a2200145Ia 4500
003 ES-SlBCS
005 20210601124324.0
008 140529s1992 xxu||||| |||| 00| 0 eng d
041 _aeng
100 1 _aCallan, Eamonn
_9139395
245 0 0 _aFinding a Common Voice
_c Eamonn Callan
600 1 _aRawls, John-Locke
_9139706
773 0 _tEducational Theory
_gvol. 42, nº. 4, 1992, págs. 429-442
_wRev1399
942 _cAR
999 _c512915
_d512915